| 000 | 00878nam a22002177a 4500 | ||
|---|---|---|---|
| 005 | 20240530110623.0 | ||
| 008 | 161226s2014 ua abhkg 000 0 ara d | ||
| 017 |
_a2013/21592 _bمصر. دار الكتب |
||
| 020 | _a9789774115073 | ||
| 040 |
_aEG-CaGPL _cEG-CaGPL |
||
| 082 | 0 | 4 |
_221 _a551.41\ _bم ج |
| 100 | 0 | _aمحمد ابراهيم حسن | |
| 245 | 1 | 2 |
_aالجيمورفولوجيا و كوكب الارض / _cمحمد ابراهيم حسن ؛ اشرف على اعداده وقدم له السيد على شتا |
| 250 | _aط. 1 | ||
| 260 |
_aالقاهرة : _bالمكتبة المصرية للنشر و التوزيع ، _c2014. |
||
| 300 |
_a387 ص. : _bايض ؛ _c24 سم. |
||
| 650 | 0 | 7 |
_2qrmak _aالجيمورفولوجيا |
| 650 | 0 | 7 |
_2qrmak _aالجيمورفولوجيا _xخرائط |
| 942 |
_2ddc _cBK |
||
| 999 |
_c63089 _d63089 |
||